[Event "Ottawa Winter op"]
[Site "Ottawa CAN"]
[Date "2025.01.17"]
[Round "1.5"]
[White "Lattafi, Youcef"]
[Black "Mendes, Aaron Reeve"]
[Result "1-0"]
[Annotator "John Upper"]
[WhiteElo "1994"]
[BlackElo "2415"]
[WhiteFideId "-1"]
[BlackFideId "-1"]
[PlyCount "61"]
[Beauty "8251709868069"]
[GameId "2136100490834648"]
[EventDate "2025.01.17"]
[EventType "swiss"]
[EventRounds "5"]
[EventCountry "CAN"]
[SourceTitle "Chess Canada 25"]
[Source "JohnUpper?CFC"]
[SourceDate "2025.06.29"]
[SourceVersion "1"]
[SourceVersionDate "2026.07.01"]
[SourceQuality "1"]

1. e4 c5 2. Nf3 d6 3. d4 cxd4 4. Nxd4 Nf6 5. Nc3 a6 6. h3 e5 7. Nb3 Be6 8. Qf3 $5 Nbd7 {[#]} (8... d5 $6 9. exd5 Nxd5 10. Bc4 $32) 9. Bd2 $5 {e3 would transpose to something closer to a main line. d2 looks less active, although it can help control a5 and b4, and supporting the c3 reduces Black's queenside play; e.g} (9. Be3 Rc8 10. O-O-O $6 Rxc3 $1 $15 11. bxc3 Qc7 (11... b5 $5 $146 {Idea: ...a8, hiting e4, supporting ...d5, and maybe ...a5.}) 12. Kb1 Be7 13. g4 h6 14. Rg1 Qxc3 15. Rg3 Qc6 $1 $17 {0-1 Preotu,R (2475)-Sarana,A (2685) Titled Tuesday intern op 01st Aug Early Chess.com INT blitz 2023 (3)}) 9... Rc8 10. O-O-O h5 $5 {[#] 50 years ago, ...h5 would have been dismissed as a waste of time and unnecessarily weakening the kingside. Today it's a standard restraining move in a variety of Sicilians.  Here, and on some of the next few moves, computers opt for a Dragadorf with ...g6 -- which allows ...g7 and supports ...h5 if White goes g4-g5.} 11. Rg1 (11. Kb1 Qc7 12. Bd3 b5 13. Nd5 Qb7 14. Nxf6+ Nxf6 15. Qe3 Be7 16. f4 $14 h4 17. Rhf1 Nh5 18. f5 Bd7 19. Na5 Qc7 20. Bb4 Nf4 21. Rxf4 $5 exf4 22. Qxf4 Rh6 (22... d5 23. e5 $1) 23. Nb3 Qb6 $4 24. e5 $1 $18 {makes the most of the b4 and the e8.} a5 (24... dxe5 $4 25. Qxe5 $18 {wins the e7.}) 25. Nxa5 Rc5 26. f6 $1 $18 {1-0 Henriquez Villagra,C (2592)-Sarana,A (2691) Titled Tuesday intern op 26th Aug Early Chess.com INT blitz 2025 (11)}) 11... h4 12. Kb1 Qc7 13. Bd3 {[#]} b5 (13... Nb6 $11 14. g4 hxg3 15. Rxg3 Nc4 $11 16. Bxc4 Qxc4 17. Bg5 Nh5 18. Rgg1 g6 $13 {1/2 Aliavdin,N (2336)-Tschernatsch,J (2300) Oberliga Ost-2B 2425 Germany 2024 (3.1)}) 14. Nd5 Qb7 15. Na5 Qa8 16. c4 $1 {Supports the  and prepares to fight on the queenside.} bxc4 17. Bxc4 {[#]White threatens to pile up on d6 with b4 (9.d2!?), and exchanges on d5 will support a5-c6, so} Rxc4 $3 {Gets a pawn and the center for the exchange.} 18. Nxc4 Nxd5 19. exd5 Bxd5 20. Qg4 $5 {[#]Critical Position ...f6 or ...e6, or do they transpose?} (20. Qe2 $5 Bxg2 21. Rxg2 $5 Qxg2 22. Bb4 $13) 20... Nf6 $4 {They do not transpose.} (20... Be6 $142 21. Qe2 $8 (21. Nxd6+ $4 {this wins in the game but loses here because xg7 won't fork the  and .} Bxd6 22. Qxg7 Rf8 {saves the .... though Black could instead force mate starting with ...e4+.}) 21... Qb8 $11 (21... Be7 $2 22. Bb4 $18) (21... Qc6 22. Rc1 $36)) 21. Nxd6+ $8 $18 {Exploits the overloaded f8, now that the f6 is a target after xg7.} (21. Qe2 Be6 (21... Bxg2 $1 $13) 22. Bb4 Qe4+ $8 23. Qxe4 Nxe4 24. Rge1 f5 $1 $14) 21... Ke7 (21... Bxd6 22. Qxg7 $8 Ke7 23. Bg5 $8 $18) 22. Bg5 $1 (22. Nf5+ {also wins} Ke6 23. Nxg7+ $18 {and  check.}) 22... Kxd6 {[#]} 23. Bxf6 $8 gxf6 24. Rxd5+ $1 Kxd5 (24... Qxd5 25. Rd1 $18 {Black's pawns are too loose to hope for a fortress.}) 25. Qf3+ e4 26. Qf5+ Kc4 27. Rc1+ Kd3 28. Rc3+ (28. Qd7+ {is quicker, but not more winning.}) 28... Ke2 29. Qg4+ Kd2 30. Re3 Qc6 31. Qe2# 1-0

[Event "15th Calgary International"]
[Site "Calgary"]
[Date "2024.12.27"]
[Round "3.1"]
[White "Preotu, Razvan"]
[Black "Keleberda, Tymur"]
[Result "1-0"]
[Annotator "John Upper"]
[WhiteElo "2475"]
[BlackElo "2296"]
[WhiteFideId "-1"]
[BlackFideId "-1"]
[PlyCount "115"]
[GameId "2160767905786992"]
[EventDate "2024.12.26"]
[EventType "swiss"]
[EventRounds "9"]
[EventCountry "CAN"]
[SourceTitle "Chess Canada 25"]
[Source "JohnUpper?CFC"]
[SourceDate "2025.06.29"]
[SourceVersion "1"]
[SourceVersionDate "2026.07.01"]
[SourceQuality "1"]

{GM Razvan Preotu won the 15th Calgary International with 7/9. a full point ahead of (then) FM Tymur Keleberda, GM Vladimir Georgiev (who he both beat), and FM John Doknjas, who beat him.} 1. e4 e6 2. d4 a6 $5 3. Nf3 d5 4. Nc3 Nf6 5. e5 Nfd7 6. Ne2 c5 7. c3 Nc6 {[#]Nakamura has played this online a few times as Black, always via the more trollish 1.e4 a6.   It's similar to the French Steinitz, where White would have played f2-f4 and it would be Black's move. That difference changes the strategies a lot -- particularly about White's kingside piece play and whether Black should go for ...f6. It also affects the computer eval: SF18 and leela both rate _this_ position as more favourable for White than the equivalent one with f4 from the Steinitz.} 8. g3 (8. Nf4 cxd4 9. cxd4 Qa5+ 10. Bd2 Bb4 11. h4 g6 12. a3 Bxd2+ 13. Qxd2 Qxd2+ 14. Kxd2 {1/2 Dominguez Perez,L (2749)-Nakamura,H (2789) Titled Tuesday intern op 05th Mar Early Chess.com INT blitz 2024 (10) This is the sort of position French players have nightmares about, and a few moves later Naka went nuts trying to break out... but he's tricky and resiliant and drew.}) (8. a3 $5 a5 9. Nf4 b6 10. h4 Ba6 11. Bxa6 Rxa6 12. Ng5 $16 Qe7 (12... h6 $2 13. Ngxe6) 13. Be3 {[#]A diagram to show one way for White to make the most of having the pawn back on f2 rather than f4.} a4 14. Qd3 (14. Nxh7 $1) 14... Ra5 15. Nxh7 g6 16. Nxf8 $18 {1/2 Kamsky,G (2616)-Nakamura,H (2795) Titled Tuesday intern op 07th May Early Chess.com INT blitz 2024 (9) Kamsky blundered on move 40 to only draw.}) 8... Qa5 9. Bd2 Qb6 {[#]} 10. Bg2 $5 {Not necessary, and maybe premature, since there are several lines where the  is better on h3.} ({A year later, one of Tymur's opponents was less enterprising, though still better after the less generous} 10. Rb1 $1 cxd4 11. cxd4 f6 12. exf6 Nxf6 13. Bg2 (13. Bh3 $1) 13... Be7 14. O-O O-O $14 {1-0 Ilinca Ilinca,F (2440)-Keleberda,T (2265) Seville op 50th 2025 (5)}) 10... cxd4 11. cxd4 Qxb2 12. O-O {[#]} Qa3 (12... b5 $4 13. a3 $1 {traps the , since} b4 14. Qa4 $18) (12... Qb6 13. h4 $14 {With a typical "poison pawn" trade: White has a lot of development and space in return for that extra pawn sitting way back on b7.}) 13. Qb1 $6 ({Computers like offering the a-pawn too:} 13. Rb1 $1 Qxa2 14. Nf4 {Analysis Diagram [#]} Qa3 (14... h6 {stops g5, but} 15. Re1 {with threats to trap the  with e3, a1, f1.} Qa3 16. Bh3 $18 {threats include e3 and xd5.}) 15. Ng5 $1 {to take twice on e6, and} Nxd4 $2 {saves e6 but loses the  after} 16. Bc1 $18) 13... b5 (13... Bb4 $1 {is anathema to French players -- who see this pointy headed piece as the only thing between them and a horrific Dark Square Death -- but the computers say it equalizes!? You might want to test this against a computer if you play either side of these French positions to see how they handle both sides.}) 14. Rc1 Bb7 15. Rc3 Qe7 {[#]} 16. Bg5 $6 (16. Ng5 $1 h6 $2 17. Nxe6 $1 {and either way Black takes it, then f4 and White smashes the center with another sac; e.g.} fxe6 18. Nf4 Qf7 19. Bxd5 $3 $18) 16... Qb4 17. Qc1 Rc8 18. a4 $1 $13 Nb6 19. axb5 axb5 {[#]} 20. Qd1 $6 {Threatens to trap the  with b3 and d2, but there's an escape.} ({The computer suggests this highly-tactical, full-board sacrifical line that brings in all White's pieces:} 20. Nf4 $142 Na4 $1 ({White threatens to trap the , so} 20... h6 $2 21. Nd3 $18) (20... Nxd4 $2 21. Rxc8+ Bxc8 22. Qc7 $18 {with a winning invasion.}) 21. Rc2 {White threatens to continue improving his minors with h5 and f1, and if} h6 $1 {Analysis Diagram [#]} 22. Nxd5 $3 (22. Nd3 $13 Qb3 23. Be3 $1 Qxd3 $8 24. Bf1 {who would see how strong this is from a distance?} Qb3 (24... Qe4 25. Bxb5 $18) 25. Rb1 Ba3 $1 26. Rxb3 Bxc1 27. Rxc1 Ba6 $13) 22... exd5 23. Bh3 $1 Rc7 24. Bf4 $1 g5 25. Bd2 Qb3 26. Bf1 $1 $36 {again, sac-ing a piece then leaving the f3 in take to break through the queenside.}) 20... Ra8 $8 $13 {The white  can't guard a1 and b3 from d1.} 21. Rxa8+ Bxa8 22. Rb3 Qa5 23. Bd2 b4 24. Rb1 {[#]Black has managed to hold his extra pawn while keeping his  out of immediate danger. He's still behind in development and nither of his s is particularly good, but a pawn is a pawn.} Bb7 25. Ra1 Qb5 26. Nf4 Nc4 27. Ng5 {[#]} Nd8 28. Bf1 g6 (28... Be7 $1 29. Nh5 h6 30. Nxg7+ $13) 29. Rb1 h6 $6 {[#]} 30. Nxf7 $3 (30. Ne4 $5 dxe4 31. Qb3 Bd5 32. Rc1 $13) 30... Nxf7 $2 (30... Kxf7 $8 31. Bd3 $1 (31. Qg4 Rg8 32. Bd3) 31... Rg8 $8 32. Nxg6 Qb6 {unpins the } (32... Rxg6 $2 33. Qh5 $18) 33. Nxf8 Nxd2 $8 34. Nd7 $14) 31. Nxg6 Rg8 32. Nxf8 $1 Rxf8 33. Bxb4 Rg8 {[#]} 34. Bc5 $6 {Natural -- it puts the  on a safe(ish) square (so long as ...xe5 doesn't work), defends d4, gains a tempo on the  -- but not best.} (34. Be7 $142 $3 Qd7 35. Bf6 $18 {followed by e2 (maybe to h5) and major piece play on the queenside, which Black cannot stifle with ...d8.}) 34... Qd7 $8 (34... Qc6 $2 35. Qf3 $18 {threatens f6, when threats of mate on e7 and xb7 with xe6 will win.}) 35. Qb3 Nd8 $8 {Not an option with a white f6.} 36. Be2 {[#]} Kf7 $2 (36... Qf7 $132) 37. Qf3+ $2 (37. Qc2 $142 $18 {also threatens to invade on h7, but leaves f3 open for b3-f3-f6.}) 37... Ke8 38. Qf6 Qg7 39. Qh4 Qg5 $1 40. Qh3 {[#]Critical Position White threatens xb7 then xe6.} Qf5 $4 {Forces exchanges by forking the  and .} (40... Rg6 $4 41. Bh5 $18) (40... Bc6 $11) (40... Kd7 $11) 41. Qxf5 exf5 42. e6 $8 $18 {[#] Yup, that's a mating net! Easy to see when you get here, but if you've spent the last two hours thinking of the d4-e5 pawn wedge as a permanent feature of this French middlegame, then you might have been blind to it just a move ago.} Nxe6 43. Rxb7 Rg7 (43... Nxc5 {frees the , but} 44. dxc5 {at the cost of a winning passer.}) 44. Bh5+ Kd8 45. Rxg7 Nxg7 {[#]Even without the extra  the 's are too much to handle.} 46. Bf7 Kd7 47. Bxd5 Nd6 48. Kg2 Nge8 49. Bb3 Nf6 50. Bc2 Nde4 51. Bf8 h5 52. f3 Nd6 53. Kh3 f4 54. Bxd6 Kxd6 55. Bb3 fxg3 56. hxg3 Ne8 57. Kh4 Nc7 58. Bc4 1-0

[Event "Pere Noel"]
[Site "Montreal CAN"]
[Date "2024.12.29"]
[Round "4.13"]
[White "Berube, Maximilien"]
[Black "Robichaud, Louis"]
[Result "1-0"]
[Annotator "John Upper"]
[WhiteElo "2035"]
[BlackElo "2061"]
[WhiteFideId "-1"]
[BlackFideId "-1"]
[PlyCount "113"]
[Beauty "6602173978692"]
[GameId "2134812795955704"]
[EventDate "2024.12.27"]
[EventType "swiss"]
[EventRounds "5"]
[EventCountry "CAN"]
[SourceTitle "Chess Canada 25"]
[Source "JohnUpper?CFC"]
[SourceDate "2025.06.29"]
[SourceVersion "1"]
[SourceVersionDate "2026.07.01"]
[SourceQuality "1"]

1. e4 e5 2. Nf3 Nc6 3. d4 exd4 4. Bc4 Bc5 5. c3 {[#]} dxc3 $5 {At higher levels this would deserve a "?" or at least a "?!" -- which is what Gawain Jones gives it in volume 2 of his "Coffeehouse Repertoire" book. But White's path to a clear plus isn't so wide, and many U2300 players would likely go wrong fast.} ({Transposing to an Italian is the professional choice.} 5... Nf6 6. e5 (6. cxd4 Bb4+ $11) 6... d5 $1 7. Bb5 Ne4 8. cxd4 Bb6 9. Nc3 {with thousands of games going back over a century; e.g.} O-O 10. Be3 f5 11. exf6 Nxf6 $11 {1/2 Steinitz,W-Lasker,E World-ch05 Lasker-Steinitz +10-5=4 NY Philadelphia & Montreal 1894 (6)}) 6. Bxf7+ Kxf7 7. Qd5+ Kf8 (7... Ke8 $5 {can transpose, but gives White a chance to go wrong:} 8. Qh5+ $1 (8. Qxc5 $143 Qe7 $1 9. Qe3 d5 10. Nxc3 $1 $14) 8... Kf8 $1 (8... g6 $2 9. Qxc5 $16) 9. Qxc5+ {transposing.}) 8. Qxc5+ {[#]} Qe7 (8... d6 9. Qc4 Nf6 (9... Bg4 10. Nxc3 Bxf3 11. gxf3 Qf6 12. f4 Qf7 13. Qb5 Nd4 14. Qd3 $1 $16 {1-0 Sveshnikov,E (2515)-Kupreichik,V (2480) Christmas Congress 1984/85-60 Premier Hastings (1)}) 10. Nxc3 Qe7 11. O-O h6 12. Bf4 Qf7 13. Qd3 Bg4 14. Nd4 Be6 15. Nxe6+ Qxe6 16. Rfe1 $16 {1-0 Hebert,J-Babb,J (1919) CAN-ch U20 1975-76 Saint John}) 9. Qxc3 $6 {And White does go wrong!} (9. Qxe7+ $142 Ngxe7 10. Nxc3 a6 11. O-O d6 12. h3 h6 13. Be3 Kf7 14. Rfd1 Be6 15. Rac1 Rac8 $14 {0-1 Ravi,T (2336)-Sasikiran,K (2525) IND-ch Nagpur 1999 (8)}) (9. Qe3 $142 $1 d5 (9... cxb2 $6 10. Bxb2 Qb4+ 11. Bc3 $16) 10. exd5 Qxe3+ 11. fxe3 Nb4 $8 12. O-O $8 Nxd5 $8 (12... Nc2 $4 13. Nd4+ Nf6 14. Nxc2 $18) 13. Nxc3 $32) 9... Qxe4+ 10. Be3 Nf6 11. O-O d6 12. Nbd2 Qg6 13. Qb3 {[#]} Qf7 $1 $15 (13... Bh3 $4 14. Nh4 $1 Qg4 15. Qxb7 $18) 14. Qa3 h6 15. Nd4 Nxd4 (15... Kg8 $1) 16. Bxd4 Bd7 17. Rfe1 Bc6 18. f3 (18. Nf3 $5 $44 {threatening e5.}) 18... Qd5 $6 {Is Black inviting White to take on f6?} 19. Qc3 $1 Kf7 $6 20. Ne4 $1 $14 {[#]} Qf5 21. Nxf6 gxf6 22. Re3 Rae8 23. Rae1 Rxe3 24. Rxe3 a6 25. a3 h5 26. Qc4+ Qd5 27. Qc3 Qf5 28. Qc4+ Qd5 29. Qc3 Rh6 30. Re2 f5 31. Bf2 Re6 32. Rxe6 Kxe6 {[#]} 33. Qe3+ Kd7 34. h3 Qf7 35. Bh4 b6 36. b4 Kc8 37. Qc3 Kb7 38. Bf2 Bb5 39. Qd4 Qc4 40. Qe3 f4 41. Qd2 d5 42. Qb2 a5 43. Kh2 a4 $1 $15 {[#] With queens off Black wins, despite the opposite s: Black gets a central passer with ...c5 while White is stuck with weak pawns on both sides. This means Black can bully the white  around, which is uncomfortable but not necessarily losing.} 44. Qe5 $6 ({Better was to play for the blockade:} 44. Bd4 $142 $13 c5 {Black can break the dark square blockade, but only at the cost of exposing his } (44... Qb3 45. Qc1 $8 $11) 45. bxc5 bxc5 46. Bf6 d4 (46... Kb6 $4 47. Bd8+ $18 {yipes!}) 47. Qb1 $1 {aiming for h7,} Qd3 48. Qe1 Qe2 49. Qa5 $132) 44... Qb3 45. Qxh5 $2 {[#]} (45. Bh4 Qxa3 46. Bd8 Qc1 47. Qxd5+ Bc6 48. Qxh5 $8 $15 (48. Qf7 $4 Bxf3 $8 $19)) 45... Bc4 $8 $19 {Opposite s and pawn races on opposite sides, and White is just a move too slow!} 46. Qe5 (46. Bd4 Qxa3 $8 47. Qf7 Qxb4 $8 48. Be5 Qc5 $8 $19 {just in time.}) 46... Qxa3 47. Qxf4 Qxb4 {[#]} 48. h4 (48. Bg3 Qe7 $19) 48... a3 49. h5 a2 50. Bd4 c5 51. h6 cxd4 52. h7 a1=Q 53. h8=Q {[#]Critical Position First check wins?} Qe7 $4 {Natural, but losing.} (53... Qa8 $4 54. Qf7+ $8 $18 {and takes a8.}) (53... Qaa3 $2 54. Qfb8+ $8 Ka6 55. Qa8+ Kb5 56. Qhe8+ {and c6#.}) (53... Qae1 $2 {connects the s, but loses to a precise series of checks:} 54. Qfb8+ $8 Kc6 55. Qhc8+ Kb5 56. Qd7+ $8 Ka5 57. Qa8+ $8 Ba6 58. Qaxd5+ $8 (58. Qdxd5+ $2 Qc5 $8 $11) 58... Qb5 (58... Qc5 59. Qa2+ $8 Kb4 60. Qda4+ {#1}) 59. Qa2+ $8 Kb4 60. Qxd4+ (60. Qb2+ {also wins.}) 60... Qc4 $8 61. Qxb6+ Qb5 62. Qaa5+ $1 $18 {skewering e1.}) ({Black's only wining moves are to clear b4 for the  and to connect the s.} 53... Qbe1 $1 $19 {connects the s and aims for immediate counterchecks. White has to do something immediately, but the checks run out quckly:} 54. Qf7+ Ka6 55. Qa8+ Kb5 56. Qd7+ Kb4 57. Qd6+ Kc3 $19) (53... Qbb2 $5 {looks strange, but wins too:} 54. Qd6 Ka6 $8 55. Qc6 Ka5 $8 56. Qha8+ Kb4 $19) (53... Qba3 $2 {also connects the s and frees b4, but it's so inactive that White gets an extra tempo to attack:} 54. Qhb8+ $8 Ka6 55. Qfc7 $8 {There's no way to defend b6 without losing a ! Luckily, Black can sac a  to force perpetual:} Qh1+ ({or} 55... Qg1+ 56. Kxg1 Qe3+ 57. Kh1) 56. Kxh1 Qc1+ 57. Kh2 Qh6+ 58. Kg3 Qg5+ $11) 54. Qhb8+ ({or} 54. Qfb8+ $18 {, transposing.}) 54... Kc6 55. Qh6+ $8 {Easy to overlook, but fatal.} Kb5 (55... Kd7 56. Qb7+ {checks will win the e7 and mate.}) 56. Qhxb6+ Ka4 57. Qa8+ 1-0